[Event "Bodensee op 9th"]
[Site "Bregenz"]
[Date "2025.05.29"]
[Round "6"]
[White "Sele, Timea"]
[Black "Boehmer, Christian"]
[Result "0-1"]
[WhiteElo "1716"]
[BlackElo "2124"]
[PlyCount "102"]
[EventDate "2025.05.24"]
[EventType "swiss"]
[EventRounds "9"]
[EventCountry "AUT"]
[SourceTitle "CB23_2025"]
[SourceDate "2025.06.04"]
[SourceVersion "1"]
[SourceVersionDate "2025.06.04"]
[SourceQuality "1"]

1. d4 d5 2. c4 e6 3. Nc3 c6 4. cxd5 exd5 5. Bf4 Nf6 6. e3 Be7 7. Bd3 0-0 8. Nge2 Nbd7 9. 0-0 Nh5 10. Qc2 h6 11. Rab1 Nxf4 12. Nxf4 Bd6 13. Nce2 Nf6 14. g3 Qe7 15. Bf5 Ne4 16. Bxc8 Raxc8 17. a3 a5 18. Rfe1 Rfe8 19. Nc3 Ng5 20. Kg2 Qd7 21. Nce2 Re4 22. h4 Nh7 23. Rh1 Rce8 24. Nc3 R4e7 25. Nce2 Nf6 26. Rbe1 Ng4 27. Qd2 Qf5 28. Nc3 b5 29. Qd3 Qd7 30. Qd2 Nf6 31. Qc1 b4 32. axb4 axb4 33. Na4 Ng4 34. Qd2 Nf6 35. Nd3 Ne4 36. Qe2 Qa7 37. Nac5 Bxc5 38. Nxc5 Nxc5 39. dxc5 Qxc5 40. Rc1 Qb6 41. Qc2 Re6 42. Rhf1 Qb5 43. Qc5 Qe2 44. Rc2 Qg4 45. Rfc1 Rf6 46. b3 Qf3+ 47. Kg1 Re4 48. Qa7 Rg6 49. Kf1 d4 50. Qa8+ Kh7 51. Qxc6 Rxc6 0-1

[Event "Olympiad Women-45"]
[Site "Budapest"]
[Date "2024.09.15"]
[Round "5.59"]
[White "Strade, Arita"]
[Black "Sele, Timea"]
[Result "1-0"]
[WhiteElo "1946"]
[BlackElo "1699"]
[PlyCount "111"]
[EventDate "2024.09.11"]
[EventType "team-swiss"]
[EventRounds "11"]
[EventCountry "HUN"]
[SourceTitle "EXT 2025"]
[Source "ChessBase"]
[SourceDate "2024.10.14"]
[SourceVersion "1"]
[SourceVersionDate "2024.10.14"]
[SourceQuality "1"]
[WhiteTeam "Guernsey (W)"]
[BlackTeam "Liechtenstein (W)"]
[WhiteTeamCountry "GCI"]
[BlackTeamCountry "LIE"]

1. e4 c6 2. d4 d5 3. exd5 cxd5 4. Bd3 Nc6 5. c3 Qc7 6. Ne2 Bg4 7. f3 Bd7 8. Bf4 e5 9. dxe5 Nxe5 10. Bc2 Nf6 11. 0-0 Bd6 12. Kh1 0-0 13. Nd2 Rfe8 14. Nd4 Nh5 15. Bg5 Ng6 16. f4 Nhxf4 17. Qf3 Bc6 18. g3 Ne6 19. Be3 Nxd4 20. Bxd4 Re7 21. Rae1 Rae8 22. Rxe7 Rxe7 23. Qf2 b6 24. Nf3 Bb5 25. Re1 Nf8 26. a4 Ba6 27. Nh4 Rxe1+ 28. Qxe1 Ne6 29. Nf5 Bf8 30. Qe3 Qc4 31. Qf2 Nxd4 32. Nxd4 Bc5 33. Qe1 Qf1+ 34. Qxf1 Bxf1 35. Kg1 Bh3 36. Kf2 Bxd4+ 37. cxd4 h6 38. Ke3 f6 39. Kf4 g5+ 40. Kf3 Be6 41. Bd3 Kf7 42. b4 a5 43. b5 h5 44. Bc2 Bg4+ 45. Ke3 Ke6 46. h4 Bf5 47. Bd1 Be4 48. Kd2 gxh4 49. gxh4 Bg6 50. Ke3 Bf7 51. Bc2 f5 52. Kf4 Bg6 53. Kg5 Kf7 54. Bxf5 Bxf5 55. Kxf5 Ke7 56. Ke5 1-0

[Event "EU-ch Amateurs U2000"]
[Site "Mali Losinj"]
[Date "2024.08.27"]
[Round "4"]
[White "Douglas, Lionel"]
[Black "Sele, Timea"]
[Result "1-0"]
[WhiteElo "1813"]
[BlackElo "1699"]
[PlyCount "63"]
[EventDate "2024.08.25"]
[EventType "swiss"]
[EventRounds "9"]
[EventCountry "CRO"]
[SourceTitle "EXT 2025"]
[Source "ChessBase"]
[SourceDate "2024.10.14"]
[SourceVersion "1"]
[SourceVersionDate "2024.10.14"]
[SourceQuality "1"]

1. d4 d5 2. Nf3 Nf6 3. c4 e6 4. g3 Be7 5. Bg2 Nbd7 6. 0-0 0-0 7. cxd5 exd5 8. Nc3 c6 9. Qc2 Re8 10. Re1 Bb4 11. a3 Ba5 12. b4 Bb6 13. Bb2 Ne4 14. Nxe4 dxe4 15. Nd2 e3 16. fxe3 Rxe3 17. Nc4 Re8 18. Nxb6 Nxb6 19. e4 Be6 20. a4 Nc4 21. Bc3 Nd6 22. Rad1 Qg5 23. Bd2 Qg6 24. Bf4 Rad8 25. Bxd6 Rxd6 26. Qc5 Bg4 27. Rc1 b6 28. Qc3 Red8 29. d5 cxd5 30. exd5 h6 31. Qe5 Qf5 32. Qxd6 1-0

[Event "Lugano Paradiso op"]
[Site "Lugano"]
[Date "2023.05.26"]
[Round "1"]
[White "Binder, Beat"]
[Black "Sele, Timea"]
[Result "1/2-1/2"]
[WhiteElo "1892"]
[BlackElo "1443"]
[PlyCount "61"]
[EventDate "2023.05.26"]
[EventType "swiss"]
[EventRounds "5"]
[EventCountry "SUI"]
[SourceTitle "CBM 214 Extra"]
[Source "ChessBase"]
[SourceDate "2023.07.31"]
[SourceVersion "1"]
[SourceVersionDate "2023.07.31"]
[SourceQuality "1"]

1. d4 d5 2. e3 c5 3. c3 Nc6 4. f4 Nf6 5. Bd3 Bg4 6. Nf3 e6 7. Nbd2 Bd6 8. 0-0 0-0 9. Qe1 Re8 10. Ne5 Bf5 11. Bb1 Rc8 12. h3 cxd4 13. exd4 Nd7 14. Ndf3 f6 15. Nxc6 bxc6 16. b4 Bxb1 17. Rxb1 e5 18. fxe5 fxe5 19. Qf2 e4 20. Bg5 Be7 21. Bxe7 Qxe7 22. Nh2 Nb6 23. Ng4 Rf8 24. Qe2 Rxf1+ 25. Rxf1 Nc4 26. Ne3 Nxe3 27. Qxe3 Rb8 28. Rf5 Rf8 29. Re5 Qf7 30. a4 Qf1+ 31. Kh2 1/2-1/2